000 00699nam a2200277Ia 4500
005 20260324114636.0
008 008 260324s9999 xx 000 0 eng d
020 _a9780429331855
037 _aEBOOK
040 _aCRL
040 _beng
040 _cCRL
041 _2eng
041 _aeng
084 _qCRL
100 _aGreg Watts; Anthony Higham; Peter McDermott; Jason Challender
_91151580
245 0 _aProfessional Ethics in Construction and Surveying
260 _bTaylor and Francis
260 _c2021
365 _a
365 _b275
856 _uhttp://www.taylorfrancis.com/books/9780429331855
942 _cEBOOK
999 _c1741888
_d1741888